000 nam a22 7a 4500
999 _c9538
_d9538
008 180205b ||||| |||| 00| 0 eng d
100 _aPooranmal,etal.
_95584
245 _aMathematics
260 _aNew Delhi